000 01139nam a22002537a 4500
999 _c20429
_d20429
003 OSt
005 20240814140527.0
008 240814b ||||| |||| 00| 0 eng d
040 _c0
082 _aDPer 507 J826 September 2019 - June 2020 v.49 n. 1-5
100 _aRosales, Edith.
_eauthor.
_957665
245 _aAn exam wrapper intervention in organic chemistry I :
_bimpact on course performance and study behavior /
_cEdith Rosales, Alla Chavarga, Evan Grandoit, Shoshana Mayer, Natasha Hackman, Milushka Elbulok-Charcape, Alison C. Domzalski, and Gail Horowitz
260 _aArlington USA;
_bNational Science Teaching Association,
_cNovember/December 2019.
300 _avolume 49, pages 53-61,
_billustration.
700 _aRosales, Edith.
_eauthor.
_957665
700 _aChavarga, Alla.
_eauthor.
_957666
700 _aGrandoit, Evan.
_eauthor.
_957667
700 _aMayer, Shoshana.
_eauthor.
_957668
700 _aHackman, Natasha.
_eauthor.
_957669
700 _aElbulok-Charcape, Milushka.
_eauthor.
_957670
700 _aDomzalski, Alison C.
_eauthor.
_957671
700 _aHorowitz, Gail.
_eauthor.
_957672
942 _2ddc
_cPER